LEADER 01131nam2 22003131i 450 001 990005611500403321 005 20220520140247.0 035 $a000561150 100 $a19990530d1978----km-y0itay50------ba 101 0 $afre 102 $aFR 105 $aaf y 001yy 200 1 $a<<1.: >>Introduction générale$fpar Jean-Claude Poursat$cÉcriture Hièroglyphyque Crètoise$fpar Louis Godart et Jean-Pierre Olivier 210 $aParis$cPaul Geuthner$d1978 215 $a220 p., 32 p. di tav., 1 c. topogr. ripieg.$cill.$d28 cm 225 1 $aÉtudes crétoises$v23 461 0$1001000561146$12001$aFouilles exécutées a Mallia$eLe quartier mu$f[Jean-Claude Poursat, Jean-Pierre Olivier, Beatrice Detournay] 610 0 $aScavi archeologici$aMalia 676 $a939.18$v22$zita 700 1$aPoursat,$bJean-Claude$0216517 702 1$aGodart,$bLouis$f<1945- > 702 1$aOlivier,$bJean-Pierre 801 0$aIT$bUNINA$gRICA$2UNIMARC 901 $aBK 912 $a990005611500403321 952 $a939.18 ET CRET 1 (23)$bARCH. 18376$fFLFBC 959 $aFLFBC 996 $aIntroduction générale$91027206 997 $aUNINA LEADER 00964nam a2200253 a 4500 001 991003914279707536 008 020 $a9788887139990 035 $ab14408247-39ule_inst 040 $aDip.to di Storia, Società e Studi sull'Uomo$bita 082 0 $a618.2 100 1 $aOdent, Michel$0482949 240 14$aThe farmer and the obstetrician 245 12$aL'agricoltore e il ginecologo :$bl'industrializzazione della nascita /$cMichel Odent 260 $aTorino :$bIl leone verde,$c2006 300 $a133 p. ;$c21 cm 490 0 $a Il bambino naturale ;$v3 650 4$aParto$xAspetti socio-culturali 907 $a.b14408247$b13-01-21$c13-01-21 912 $a991003914279707536 945 $aLE023 618.2 ODE 1 2$g1$i2023000188989$lle023$op$pE16.00$q-$rl$s- $t0$u0$v0$w0$x0$y.i1594640x$z13-01-21 996 $aFarmer and the obstetrician$91769695 997 $aUNISALENTO 998 $ale023$b13-01-21$cm$da $e-$fita$git $h2$i0